[Event "Politiken Cup 2011"]
[Site "Helsingor"]
[Date "2011.08.05"]
[Round "8.61"]
[White "Klings, Peter"]
[Black "Bjorneboe, Kristian"]
[Result "1-0"]
[WhiteElo "2149"]
[BlackElo "1941"]
[PlyCount "107"]
[EventDate "2011.??.??"]
[WhiteTeam "St. Gallen"]
[BlackTeam "Helsingør"]

1. Nf3 Nf6 2. g3 g6 3. b4 Bg7 4. Bb2 d6 5. c4 e5 6. d3 c6 7. Bg2 Na6 8. a3 O-O
9. O-O Re8 10. Nbd2 Nc7 11. Qc2 Bf5 12. e4 Bc8 13. Nb3 Nd7 14. d4 Qe7 15. d5
Nf6 16. dxc6 bxc6 17. Rad1 Ne6 18. c5 dxc5 19. Bxe5 cxb4 20. Bd6 Qb7 21. axb4
Qb6 22. Ne5 Ba6 23. Rfe1 Rac8 24. Nc4 Bxc4 25. Qxc4 Ng4 26. Qe2 h5 27. h3 Ne5
28. Kh1 Qb5 29. Bf1 Qa4 30. Qe3 Nd7 31. e5 Bxe5 32. Ra1 Bxa1 33. Rxa1 Qxa1 34.
Nxa1 c5 35. Qd2 cxb4 36. Bb5 Nec5 37. Qxb4 Re4 38. Qd2 Rce8 39. Nc2 R8e6 40.
Bf4 Nb6 41. Ne3 Nb3 42. Qc3 Nd4 43. Bd3 Rc6 44. Qb2 Rxf4 45. gxf4 Ne6 46. f5
Nf4 47. Be4 Rc8 48. Kh2 g5 49. Qf6 Kf8 50. Qxg5 Ne2 51. Qh6+ Ke7 52. f6+ Kd6
53. Nf5+ Kd7 54. Qd2+ 1-0

[Event "Politiken Cup 2011"]
[Site "Helsingor"]
[Date "2011.08.05"]
[Round "8.74"]
[White "Berni, Fabrizio"]
[Black "Hinrichs, Jan"]
[Result "1/2-1/2"]
[WhiteElo "2147"]
[BlackElo "1947"]
[PlyCount "27"]
[EventDate "2011.??.??"]
[WhiteTeam "Mariano Comense"]
[BlackTeam "Hamburger Schachklub"]

1. e4 c5 2. Nc3 e6 3. f4 Nc6 4. Nf3 Nge7 5. d4 cxd4 6. Nxd4 Nxd4 7. Qxd4 Nc6 8.
Qf2 d5 9. exd5 exd5 10. Bd3 Qe7+ 11. Qe2 Qxe2+ 12. Nxe2 Nb4 13. Bb5+ Bd7 14.
Bxd7+ 1/2-1/2

[Event "Politiken Cup 2011"]
[Site "Helsingor"]
[Date "2011.08.05"]
[Round "8.93"]
[White "Christensen, Benjamin"]
[Black "Pedersen, Henrik B"]
[Result "1/2-1/2"]
[WhiteElo "1880"]
[BlackElo "2146"]
[PlyCount "67"]
[EventDate "2011.??.??"]
[WhiteTeam "Skanderborg"]
[BlackTeam "Herlev"]

1. e4 d5 2. exd5 Qxd5 3. d4 Nf6 4. Nf3 Bg4 5. Be2 e6 6. Nc3 Qd8 7. a3 c6 8. h3
Bh5 9. Bf4 Be7 10. Qd2 Nbd7 11. Bh2 O-O 12. Bd3 c5 13. Ne4 cxd4 14. Nxd4 Nc5
15. Nxc5 Bxc5 16. Nb3 Be7 17. O-O Qd7 18. f3 Rfd8 19. Rfd1 Rac8 20. Be5 Bg6 21.
Qe2 Bxd3 22. Rxd3 Qc6 23. Rxd8+ Rxd8 24. Rd1 Rd5 25. Bc3 h6 26. g4 Qd6 27. Rxd5
Qxd5 28. Nd2 b5 29. Qe5 Bc5+ 30. Kg2 Bd6 31. Qe3 Bc5 32. Qe5 Bd6 33. Qe3 Bc5
34. Qe5 1/2-1/2

[Event "Politiken Cup 2011"]
[Site "Helsingor"]
[Date "2011.08.05"]
[Round "8.75"]
[White "Nielsen, John Bauneborg"]
[Black "Justinussen, Sigurd B"]
[Result "0-1"]
[WhiteElo "2140"]
[BlackElo "1944"]
[PlyCount "58"]
[EventDate "2011.??.??"]
[WhiteTeam "Nørresundby"]

1. d4 d5 2. c4 e6 3. Nc3 Nf6 4. cxd5 exd5 5. Bg5 Be7 6. e3 c6 7. Qc2 O-O 8. Bd3
h6 9. Bh4 Re8 10. Nge2 Nbd7 11. f3 Nf8 12. Bf2 Be6 13. O-O Rc8 14. Rad1 b5 15.
h3 a6 16. e4 Qa5 17. a3 N6d7 18. Qd2 b4 19. axb4 Qxb4 20. exd5 cxd5 21. f4 f5
22. Ng3 g6 23. Rfe1 Qd6 24. Ra1 Ra8 25. Ra2 Qb6 26. Qe2 Bf6 27. Na4 Qb4 28. Nc5
Bf7 29. Qf1 Rxe1 0-1

[Event "Politiken Cup 2011"]
[Site "Helsingor"]
[Date "2011.08.05"]
[Round "8.33"]
[White "Pedersen, Nicolai Kvist Brond"]
[Black "Thybo, Jesper Sondergaard"]
[Result "0-1"]
[WhiteElo "2130"]
[BlackElo "1921"]
[PlyCount "96"]
[EventDate "2011.??.??"]
[WhiteTeam "BMS"]
[BlackTeam "Skive"]

1. Nf3 Nf6 2. c4 e6 3. g3 d5 4. d4 dxc4 5. Qa4+ Nbd7 6. Bg2 a6 7. Qxc4 b5 8.
Qc2 Bb7 9. O-O c5 10. dxc5 Bxc5 11. Nc3 Rc8 12. a3 Nd5 13. Rd1 Nxc3 14. bxc3
Qb6 15. e3 Nf6 16. a4 Bb4 17. Bb2 Nd5 18. Rd3 Bxc3 19. Bxc3 b4 20. Rb1 Nxc3 21.
a5 Qxa5 22. Qb3 Nxb1 23. Qxb1 Be4 24. Rd8+ Qxd8 25. Qxe4 Qd1+ 26. Bf1 Rc1 27.
Qa8+ Ke7 28. Qb7+ Kf6 29. Qxa6 Qxf1+ 30. Qxf1 Rxf1+ 31. Kxf1 b3 32. g4 b2 33.
g5+ Ke7 34. Nd2 Rd8 35. Ke2 Rxd2+ 36. Kxd2 b1=Q 37. Ke2 Qb5+ 38. Kf3 Qxg5 39.
h3 f5 40. e4 fxe4+ 41. Ke2 Qf4 42. Kf1 Kd6 43. Kg2 Qf3+ 44. Kg1 Qxh3 45. f4 e3
46. f5 Qg3+ 47. Kh1 e2 48. fxe6 e1=Q# 0-1

[Event "Politiken Cup 2011"]
[Site "Helsingor"]
[Date "2011.08.05"]
[Round "8.78"]
[White "Christensen, Casper"]
[Black "Christensen, Janus"]
[Result "0-1"]
[WhiteElo "1937"]
[BlackElo "2127"]
[PlyCount "54"]
[EventDate "2011.??.??"]
[WhiteTeam "BMS"]
[BlackTeam "SK68"]

1. e4 e5 2. Nf3 Nc6 3. Bb5 a6 4. Ba4 Nf6 5. O-O Be7 6. Re1 b5 7. Bb3 O-O 8. c3
d5 9. exd5 Nxd5 10. Nxe5 Nxe5 11. Rxe5 c6 12. d4 Bd6 13. Re1 Qh4 14. g3 Qh3 15.
Bxd5 cxd5 16. Qf3 Bf5 17. Qxd5 Rae8 18. Bd2 Rxe1+ 19. Bxe1 Re8 20. Nd2 Re6 21.
Qa8+ Bf8 22. Qg2 Qh6 23. Qf3 Bc2 24. Nf1 Be4 25. Qe3 Qh5 26. Nd2 Bc6 27. Qd3
Qxh2+ 0-1

[Event "Politiken Cup 2011"]
[Site "Helsingor"]
[Date "2011.08.05"]
[Round "8.94"]
[White "Henningsen, Lasse"]
[Black "Skjoldager, Per"]
[Result "1/2-1/2"]
[WhiteElo "1670"]
[BlackElo "2126"]
[PlyCount "136"]
[EventDate "2011.??.??"]
[WhiteTeam "Helsingør"]
[BlackTeam "Evans"]

1. d4 Nf6 2. Nf3 e6 3. g3 b6 4. Bg2 Bb7 5. O-O Be7 6. c4 d5 7. Nbd2 O-O 8. b3
Nbd7 9. Bb2 c6 10. Rc1 Ne4 11. Nxe4 dxe4 12. Nd2 f5 13. e3 c5 14. f3 exf3 15.
Bxf3 Qc7 16. Bxb7 Qxb7 17. Qf3 Qxf3 18. Nxf3 Bf6 19. Rfe1 Rfe8 20. e4 cxd4 21.
Bxd4 e5 22. Bf2 g6 23. Rcd1 Rad8 24. Rd5 fxe4 25. Rxe4 Nc5 26. Rxd8 Rxd8 27.
Bxc5 bxc5 28. Re2 Re8 29. Nd2 Rd8 30. Ne4 Be7 31. Rd2 Rd4 32. Re2 Kf7 33. Kf2
Ke6 34. g4 a5 35. h3 a4 36. Nd2 Rd3 37. Nf3 Bf6 38. Re3 Rd1 39. bxa4 Rc1 40. a5
Rxc4 41. Ra3 Rb4 42. a6 Rb8 43. a7 Ra8 44. Ra6+ Kf7 45. Nd2 e4 46. Nxe4 Bd4+
47. Ke2 c4 48. Nd6+ Ke7 49. Nxc4 Rxa7 50. Rxa7+ Bxa7 51. Kf3 Ke6 52. Ke4 h5 53.
gxh5 gxh5 54. Na3 Bc5 55. Nb5 Bb4 56. a4 Ba5 57. Nd4+ Kd6 58. Nb3 Be1 59. Kd4
Kc6 60. Ke4 Kb6 61. Kd5 Bf2 62. Ke4 Be1 63. Kf5 h4 64. Kg4 Bf2 65. Nd2 Ka5 66.
Nf3 Kxa4 67. Nxh4 Kb5 68. Nf5 Kc6 1/2-1/2

[Event "Politiken Cup 2011"]
[Site "Helsingor"]
[Date "2011.08.05"]
[Round "8.62"]
[White "Johansen, Stian"]
[Black "Christiansen, Jens Jorgen"]
[Result "0-1"]
[WhiteElo "1961"]
[BlackElo "2115"]
[PlyCount "124"]
[EventDate "2011.??.??"]
[WhiteTeam "Moss"]
[BlackTeam "Nørresundby"]

1. e4 c6 2. d4 d5 3. Nc3 dxe4 4. Nxe4 Nd7 5. c3 Ngf6 6. Nxf6+ Nxf6 7. Bc4 Qc7
8. g3 Bg4 9. Qb3 e6 10. Bf4 Qd7 11. h3 Bh5 12. g4 Bg6 13. Nf3 b5 14. Be2 Qd5
15. Qxd5 Nxd5 16. Bg3 f6 17. h4 h5 18. g5 Be4 19. Rh2 Be7 20. Nd2 Bf5 21. gxf6
gxf6 22. Nf1 Kd7 23. Ne3 Nxe3 24. fxe3 Rhg8 25. Rg2 Bh3 26. Rg1 Bg4 27. Bd3 f5
28. Kf2 a5 29. a4 b4 30. c4 Bf6 31. b3 c5 32. Be2 cxd4 33. Rad1 e5 34. exd4
exd4 35. Bf3 Rae8 36. Rd3 Rgf8 37. c5 Bxf3 38. Rxf3 Kc6 39. Rd1 Be7 40. Bd6
Bxd6 41. cxd6 Re4 42. Rfd3 Kd5 43. d7 Rd8 44. Rg1 Rg4 45. Rc1 Rxd7 46. Rc8 Rf4+
47. Kg3 Re4 48. Ra8 Re3+ 49. Rxe3 dxe3 50. Kf3 Kd4 51. Rxa5 Kd3 52. Re5 f4 53.
Rxh5 Re7 54. Rd5+ Kc3 55. Rd1 e2 56. Re1 Kd2 57. Rxe2+ Rxe2 58. Kxf4 Kc3 59. a5
Kxb3 60. h5 Kc4 61. a6 b3 62. h6 b2 0-1

[Event "Politiken Cup 2011"]
[Site "Helsingor"]
[Date "2011.08.05"]
[Round "8.95"]
[White "Brastein, Lars"]
[Black "Randlov, Carsten"]
[Result "1/2-1/2"]
[WhiteElo "2115"]
[BlackElo "1872"]
[PlyCount "90"]
[EventDate "2011.??.??"]
[WhiteTeam "Sandness"]
[BlackTeam "AS04"]

1. d4 d5 2. Nf3 c6 3. c4 e6 4. Nc3 f5 5. Bg5 Be7 6. Bxe7 Qxe7 7. e3 Nf6 8. Ne5
Nbd7 9. Nxd7 Bxd7 10. f4 O-O 11. Be2 b5 12. cxb5 cxb5 13. O-O b4 14. Na4 Bxa4
15. Qxa4 Rfc8 16. Rfc1 Ne4 17. Ba6 Rxc1+ 18. Rxc1 Rb8 19. Qc6 Qd6 20. Qxd6 Nxd6
21. b3 Rb6 22. Bd3 a5 23. Kf2 Ne4+ 24. Bxe4 fxe4 25. Rc8+ Kf7 26. Rc7+ Kf6 27.
g4 Ra6 28. Kg3 h6 29. h4 a4 30. Rb7 axb3 31. axb3 Rc6 32. Rxb4 Rc3 33. Kf2 Rc2+
34. Ke1 g5 35. hxg5+ hxg5 36. Rb6 gxf4 37. exf4 Rg2 38. f5 Rxg4 39. fxe6 Rg2
40. b4 Rb2 41. Rd6 Rxb4 42. Rxd5 Kxe6 43. Re5+ Kd6 44. Rxe4 Kd5 45. Rh4 Rxd4
1/2-1/2

[Event "Politiken Cup 2011"]
[Site "Helsingor"]
[Date "2011.08.05"]
[Round "8.63"]
[White "Lilja, Richard"]
[Black "Fjellengen, Bard"]
[Result "1/2-1/2"]
[WhiteElo "2111"]
[BlackElo "1905"]
[PlyCount "164"]
[EventDate "2011.??.??"]
[WhiteTeam "Skørping"]
[BlackTeam "Sarpsborg Sjakklubb"]

1. e4 e5 2. Nf3 Nf6 3. Nc3 Nc6 4. a3 d6 5. d4 Bg4 6. Bb5 exd4 7. Qxd4 Bd7 8.
Bxc6 Bxc6 9. Bg5 Be7 10. Nd5 O-O 11. Nxe7+ Qxe7 12. Nd2 Qe6 13. Bxf6 gxf6 14.
O-O-O Qe5 15. Qe3 Rfe8 16. Rhe1 Qg5 17. f4 Qg6 18. Qd4 Kf8 19. Re3 Qh6 20. Rf1
Re6 21. Rh3 Qg7 22. Rff3 Rae8 23. Rfg3 Qh8 24. Kb1 Bxe4 25. Nxe4 Rxe4 26. Qxa7
f5 27. Qxb7 Qd4 28. Qxc7 Qd5 29. b3 Re1+ 30. Kb2 Qd1 31. Kc3 Qa1+ 32. Kb4 Qd4+
33. c4 R1e7 34. Rd3 Qxf4 35. Qxd6 Rb8+ 36. Kc3 Qc1+ 37. Kd4 Qb2+ 38. Kd5 Qxg2+
39. Rhf3 Rc8 40. c5 Ke8 41. Kc4 Qc2+ 42. Kb5 Rxc5+ 43. Qxc5 Rb7+ 44. Qb6 Rxb6+
45. Kxb6 Qxh2 46. a4 Qb8+ 47. Kc6 Ke7 48. a5 Qc8+ 49. Kb5 Qb7+ 50. Ka4 Qc6+ 51.
Ka3 Qc5+ 52. b4 Qb5 53. Rc3 f4 54. Rxf4 Qe5 55. Rff3 Kf8 56. Rc1 h5 57. Rcf1
Kg8 58. a6 Qb5 59. Rf6 Qd3+ 60. Ka4 Qc4 61. R1f2 h4 62. a7 Qd5 63. Rxf7 Qc6+
64. Ka5 Qd5+ 65. b5 Qd8+ 66. Ka6 Qc8+ 67. Kb6 Qe6+ 68. Kc5 Qe5+ 69. Kc4 Qe4+
70. Kc3 Qe3+ 71. Kc2 Qc5+ 72. Kd2 Qb4+ 73. Ke3 Qc3+ 74. Kf4 Kxf7 75. Ke4+ Ke6
76. a8=Q Qe1+ 77. Kf3 Qh1+ 78. Rg2 h3 79. Qe8+ Kd6 80. Qc6+ Ke7 81. Qe4+ Kd8
82. Qh4+ Kc7 1/2-1/2

[Event "Politiken Cup 2011"]
[Site "Helsingor"]
[Date "2011.08.05"]
[Round "8.79"]
[White "Rasmussen, Morten"]
[Black "Bratholm, Palle"]
[Result "1-0"]
[WhiteElo "1931"]
[BlackElo "2111"]
[PlyCount "121"]
[EventDate "2011.??.??"]
[WhiteTeam "Skanderborg"]
[BlackTeam "Sjælsø"]

1. d4 Nf6 2. Nf3 d5 3. c3 e6 4. Bg5 c5 5. e3 Qb6 6. Qc2 Be7 7. Nbd2 Nc6 8. Be2
Bd7 9. h3 Rc8 10. Qb3 O-O 11. O-O h6 12. Bf4 Rfd8 13. Rfe1 Be8 14. Ne5 Nxe5 15.
Bxe5 Nd7 16. Bg3 Bf6 17. Rac1 e5 18. Qxb6 axb6 19. dxe5 Nxe5 20. Nf3 Nc6 21.
Red1 Ne7 22. Be5 Bxe5 23. Nxe5 f6 24. Nf3 b5 25. Rd2 Bc6 26. Rcd1 Ra8 27. b3
Kf8 28. e4 d4 29. cxd4 Bxe4 30. dxc5 Rxd2 31. Rxd2 Bc6 32. Nd4 Ra5 33. b4 Ra4
34. Rb2 Nd5 35. Bxb5 Bxb5 36. Nxb5 Nxb4 37. Nc3 Ra3 38. Rxb4 Rxc3 39. f3 Rxc5
40. Rxb7 Ra5 41. Rb2 Kf7 42. Kf2 Ra3 43. Re2 f5 44. Ke1 g5 45. Kd1 f4 46. Kc1
h5 47. Kb2 Ra8 48. a3 Kf6 49. Kb3 g4 50. hxg4 hxg4 51. a4 Kg5 52. Kb4 Kh4 53.
fxg4 Kxg4 54. a5 f3 55. gxf3+ Kxf3 56. Re6 Rb8+ 57. Rb6 Ra8 58. Kb5 Ke4 59. a6
Kd5 60. Rb7 Kd6 61. a7 1-0

[Event "Politiken Cup 2011"]
[Site "Helsingor"]
[Date "2011.08.05"]
[Round "8.64"]
[White "Andersen, Dag"]
[Black "Jensen, Michael Agermose"]
[Result "0-1"]
[WhiteElo "1885"]
[BlackElo "2109"]
[PlyCount "104"]
[EventDate "2011.??.??"]
[WhiteTeam "Sarpsborg Sjakklubb"]
[BlackTeam "Frem"]

1. d4 g6 2. Nf3 Bg7 3. c4 d6 4. g3 f5 5. Bg2 Nf6 6. Nc3 O-O 7. O-O Nc6 8. d5
Ne5 9. Nxe5 dxe5 10. b3 e4 11. Qc2 Bd7 12. Rd1 Qe8 13. Rb1 h6 14. e3 Ng4 15.
Ne2 g5 16. h3 Ne5 17. Nd4 Nd3 18. Ba3 Qf7 19. Qe2 Rae8 20. Rf1 Qg6 21. f3 exf3
22. Nxf3 Qa6 23. Rbd1 Qxa3 24. Rxd3 b5 25. Nd4 bxc4 26. bxc4 Qc5 27. Rc1 Rb8
28. Nb3 Qd6 29. Qe1 Qe5 30. Nc5 Bc8 31. Rb3 Rxb3 32. axb3 f4 33. Nd3 Qf5 34. e4
Qg6 35. gxf4 gxf4 36. Kh2 Qh5 37. Qf2 Kh8 38. Qf3 Qh4 39. Rc2 h5 40. Qf2 Qg5
41. Bf3 h4 42. Bg4 Bxg4 43. Qg1 Be5 44. Qxg4 f3+ 45. Kh1 Qxg4 46. hxg4 Bd4 47.
Nf2 Rb8 48. Kh2 Rxb3 49. g5 a5 50. Nd1 a4 51. Kh3 f2+ 52. Kg2 Rg3+ 0-1

[Event "Politiken Cup 2011"]
[Site "Helsingor"]
[Date "2011.08.05"]
[Round "8.80"]
[White "Ramme, Christoph"]
[Black "Krokay, Urszula"]
[Result "1-0"]
[WhiteElo "2108"]
[BlackElo "1940"]
[PlyCount "147"]
[EventDate "2011.??.??"]
[WhiteTeam "SK Marmstorf"]
[BlackTeam "Oksir Wiznia Mala"]

1. d4 Nf6 2. c4 e6 3. Nc3 Bb4 4. Qc2 b6 5. a3 Bxc3+ 6. Qxc3 d5 7. Bg5 dxc4 8.
e3 b5 9. Bxf6 Qxf6 10. a4 c6 11. Be2 Qe7 12. Bf3 b4 13. Qxc4 O-O 14. Ne2 Ba6
15. Qc2 Nd7 16. Qxc6 Bxe2 17. Kxe2 Rac8 18. Qe4 b3 19. Rhc1 Nb6 20. d5 Nxd5 21.
Qd3 Qb4 22. Bxd5 exd5 23. Rc3 Rxc3 24. Qxc3 Qb7 25. Rd1 h6 26. Rd3 Rb8 27. Qd4
Rc8 28. Qxd5 Rc2+ 29. Kf3 Qxd5+ 30. Rxd5 Rxb2 31. Rd8+ Kh7 32. Rd7 Ra2 33. Rxa7
b2 34. Rb7 Kg6 35. a5 Rxa5 36. Rxb2 Ra4 37. Rb6+ Kf5 38. g4+ Ke5 39. Rb7 Ke6
40. Kg3 Ra3 41. h4 Ra1 42. h5 Ra3 43. Kf4 Ra4+ 44. e4 Ra5 45. Rb8 f6 46. Rb7
Rg5 47. Kg3 Re5 48. f3 Rg5 49. f4 Ra5 50. Rxg7 Ra3+ 51. Kh4 Rf3 52. f5+ Ke5 53.
Rg6 Kf4 54. Rxf6 Rf1 55. Kh3 Kf3 56. Kh2 Kxg4 57. Rxh6 Rf2+ 58. Kg1 Re2 59. Re6
Kxh5 60. f6 Kg6 61. e5 Re4 62. Re7 Rf4 63. Kg2 Rf5 64. Kg3 Rf1 65. Kg4 Rf2 66.
Rg7+ Kh6 67. Rg8 Rg2+ 68. Kf5 Rxg8 69. f7 Ra8 70. Kf6 Kh7 71. e6 Ra5 72. f8=Q
Rf5+ 73. Ke7 Rxf8 74. Kxf8 1-0

[Event "Politiken Cup 2011"]
[Site "Helsingor"]
[Date "2011.08.05"]
[Round "8.34"]
[White "Poulsen, Iver"]
[Black "Percivaldi, Martin"]
[Result "1/2-1/2"]
[WhiteElo "2102"]
[BlackElo "1838"]
[PlyCount "40"]
[EventDate "2011.??.??"]
[WhiteTeam "Esbjerg"]
[BlackTeam "Hillerød"]

1. e4 c5 2. Nc3 d6 3. Nge2 e5 4. Nd5 Ne7 5. Nec3 Nbc6 6. Bc4 Nxd5 7. Bxd5 Be7
8. d3 O-O 9. O-O Bg5 10. Qh5 Bxc1 11. Raxc1 Qf6 12. g3 g6 13. Qh6 Qf3 14. Qe3
Nd4 15. Qxf3 Nxf3+ 16. Kg2 Nd4 17. f4 exf4 18. Rxf4 Kg7 19. Rcf1 f6 20. R4f2
Rb8 1/2-1/2

[Event "Politiken Cup 2011"]
[Site "Helsingor"]
[Date "2011.08.05"]
[Round "8.82"]
[White "Maagaard, David Bille"]
[Black "Hansen, Morten Moller"]
[Result "0-1"]
[WhiteElo "1906"]
[BlackElo "2097"]
[PlyCount "102"]
[EventDate "2011.??.??"]
[WhiteTeam "Randers"]
[BlackTeam "Damhus"]

1. d4 d5 2. c4 e6 3. Nc3 f5 4. Nf3 Nf6 5. e3 c6 6. cxd5 exd5 7. Bd3 Be6 8. Ng5
Qc8 9. Qc2 Ne4 10. Nxe6 Qxe6 11. O-O g6 12. f3 Nxc3 13. bxc3 Bg7 14. Rb1 b5 15.
e4 fxe4 16. fxe4 dxe4 17. Bxe4 a6 18. Ba3 Nd7 19. Rbe1 O-O-O 20. Bf5 Qc4 21.
Bd3 Qd5 22. Re7 Bf8 23. Be4 Qc4 24. Bd3 Qd5 25. Be4 Qg5 26. Re6 Qe3+ 27. Kh1
Bxa3 28. Rxc6+ Kb7 29. c4 Rhe8 30. cxb5 Qxe4 31. bxa6+ Ka8 32. Qc4 Ne5 33. dxe5
Qxc4 34. Rxc4 Rxe5 35. g3 Re7 36. Rb1 Rb8 37. Rd1 Ka7 38. Rd2 Rb1+ 39. Kg2 Rb2
40. Rxb2 Bxb2 41. Rb4 Bf6 42. Kf3 Kxa6 43. h3 Ka5 44. Rc4 Kb5 45. Rc2 Bd4 46.
g4 Re3+ 47. Kg2 Be5 48. Rd2 Kc6 49. Rc2+ Kd6 50. a4 Rg3+ 51. Kf1 Rxh3 0-1

[Event "Politiken Cup 2011"]
[Site "Helsingor"]
[Date "2011.08.05"]
[Round "8.65"]
[White "Skou, Niels"]
[Black "Schmidt, Horst Hubert"]
[Result "1-0"]
[WhiteElo "2093"]
[BlackElo "1816"]
[PlyCount "65"]
[EventDate "2011.??.??"]
[WhiteTeam "Evans"]
[BlackTeam "Brønshøj"]

1. Nf3 d5 2. d4 Nf6 3. g3 e6 4. Bg2 c5 5. O-O Nc6 6. b3 Be7 7. Bb2 O-O 8. e3
Bd7 9. c4 dxc4 10. bxc4 Qb6 11. Qe2 cxd4 12. exd4 Rfe8 13. Nc3 a6 14. Rab1 Rab8
15. Rfd1 Qa5 16. Ne5 Red8 17. Nxd7 Rxd7 18. d5 exd5 19. Bh3 Rbd8 20. Bxd7 Rxd7
21. Nxd5 Nxd5 22. cxd5 Rxd5 23. Rxd5 Qxd5 24. Rd1 Qa5 25. Rd7 Qb4 26. a3 Qc5
27. Rxb7 Bf8 28. Qf3 Nd8 29. Rd7 Qc8 30. Qf5 Qb8 31. Be5 Qc8 32. Bc7 Be7 33.
Rxd8+ 1-0

[Event "Politiken Cup 2011"]
[Site "Helsingor"]
[Date "2011.08.05"]
[Round "8.66"]
[White "Rydstrom, Tom"]
[Black "Krasenkova, Ilena"]
[Result "0-1"]
[WhiteElo "1905"]
[BlackElo "2092"]
[PlyCount "122"]
[EventDate "2011.??.??"]

1. e4 c6 2. d4 d5 3. Nc3 dxe4 4. Nxe4 Nd7 5. Nf3 Ngf6 6. Ng3 e6 7. Bd3 Be7 8.
O-O O-O 9. Qe2 c5 10. Rd1 Qc7 11. Ne4 Re8 12. Bg5 cxd4 13. Nxd4 a6 14. c3 Rb8
15. Bh4 b5 16. Bg3 e5 17. Nf5 Rb6 18. Qe3 Bf8 19. Bh4 Nd5 20. Qd2 Bb7 21. Rac1
Nf4 22. Bc2 Bxe4 23. Bxe4 Nf6 24. Bc2 g6 25. Ne3 Rd6 26. Qe1 N6h5 27. Qf1 Kg7
28. Bb3 Qc6 29. a3 Ne6 30. Rxd6 Bxd6 31. Rd1 Nhf4 32. g3 Nh5 33. Qe2 Kg8 34.
Nd5 Kg7 35. Qd2 Bc5 36. Qe2 Bd6 37. Ne3 Kg8 38. Qg4 Nhg7 39. Nd5 f5 40. Qe2 Kf7
41. Nf6 Rh8 42. Qd2 Rd8 43. Ng4 g5 44. Qxg5 Ke8 45. Nf6+ Ke7 46. Ne4+ Nxg5 47.
Bxg5+ Kf8 48. Nf6 Be7 49. Nxh7+ Ke8 50. Re1 e4 51. h4 Bxg5 52. Nxg5 Rd2 53. Re3
Rxb2 54. Bf7+ Ke7 55. Bg8 Rc2 56. c4 bxc4 57. h5 Nxh5 58. g4 Rc1+ 59. Kg2 Nf6
60. Be6 Nxg4 61. Rh3 Kf6 0-1

[Event "Politiken Cup 2011"]
[Site "Helsingor"]
[Date "2011.08.05"]
[Round "8.67"]
[White "Hvenekilde, Jorgen"]
[Black "Aartun, Magnus"]
[Result "1/2-1/2"]
[WhiteElo "2089"]
[BlackElo "1788"]
[PlyCount "44"]
[EventDate "2011.??.??"]
[WhiteTeam "AS04"]
[BlackTeam "Stavanger"]

1. d4 Nf6 2. c4 e6 3. Nf3 b6 4. g3 Bb7 5. Bg2 Be7 6. Nc3 O-O 7. O-O d5 8. cxd5
exd5 9. Bf4 c6 10. Qc2 Nbd7 11. Rad1 Re8 12. h4 Bb4 13. Ne5 Rc8 14. Bh3 h6 15.
Qa4 Bxc3 16. bxc3 Re7 17. Rfe1 c5 18. Nxd7 Nxd7 19. Bd6 Bc6 20. Qa3 Re4 21.
dxc5 bxc5 22. Bf4 Ra4 1/2-1/2

[Event "Politiken Cup 2011"]
[Site "Helsingor"]
[Date "2011.08.05"]
[Round "8.83"]
[White "Nielsen, Kai Gylling"]
[Black "Johansson, Anders 1973"]
[Result "1-0"]
[WhiteElo "1890"]
[BlackElo "2089"]
[PlyCount "113"]
[EventDate "2011.??.??"]
[WhiteTeam "Roskilde"]
[BlackTeam "LASK"]

1. d4 Nf6 2. Nf3 c5 3. g3 cxd4 4. Nxd4 e5 5. Nf3 Nc6 6. Bg2 d5 7. c3 h6 8. O-O
Be7 9. b3 O-O 10. Bb2 Qc7 11. e3 e4 12. Nd4 Ne5 13. Qc2 Nd3 14. Ba3 Bg4 15.
Bxe7 Qxe7 16. h3 Bh5 17. Qd2 Rfe8 18. c4 dxc4 19. Nc3 Bg6 20. bxc4 Rac8 21. Nd5
Nxd5 22. cxd5 Qc5 23. Rab1 Qxd5 24. Qxd3 exd3 25. Bxd5 d2 26. e4 Bxe4 27. Bxe4
Rxe4 28. Nb3 Rc2 29. a3 Ra4 30. Rfd1 Rxa3 31. Rxd2 Raa2 32. Rxc2 Rxc2 33. Nd4
Rd2 34. Nf3 Rd7 35. Ne5 Rc7 36. Kf1 Kf8 37. h4 Ke8 38. Ra1 a6 39. Ra5 Kd8 40.
f4 Kc8 41. Rd5 b5 42. Ke2 Kb7 43. Rd7 f6 44. Rxc7+ Kxc7 45. Nf3 Kd6 46. Kd3 Kd5
47. Nd4 g5 48. hxg5 fxg5 49. f5 h5 50. f6 Kd6 51. Ke4 h4 52. gxh4 gxh4 53. Kf5
h3 54. Nf3 b4 55. Kg6 b3 56. f7 b2 57. f8=Q+ 1-0

[Event "Politiken Cup 2011"]
[Site "Helsingor"]
[Date "2011.08.05"]
[Round "8.68"]
[White "Jonsson, Lennart"]
[Black "Overas"]
[Result "1-0"]
[WhiteElo "2086"]
[BlackElo "1503"]
[PlyCount "119"]
[EventDate "2011.??.??"]
[WhiteTeam "Malmö Allmanna Schackklubb"]

1. d4 d5 2. Nf3 Nf6 3. e3 c6 4. Ne5 Nbd7 5. f4 Nxe5 6. fxe5 Bg4 7. Be2 Bxe2 8.
Qxe2 Ne4 9. Nd2 Nxd2 10. Bxd2 e6 11. O-O Be7 12. Qh5 g6 13. Qg4 h5 14. Qf3 Rh7
15. Rac1 g5 16. e4 c5 17. c3 g4 18. Qe2 Qb6 19. exd5 exd5 20. Be3 c4 21. b3 Rc8
22. Rb1 Qc6 23. bxc4 dxc4 24. Qc2 Rg7 25. Qf5 Rc7 26. Qxh5 Qg6 27. Qxg6 Rxg6
28. g3 Rd7 29. Kg2 b6 30. Rb2 Rd5 31. Re2 a6 32. Rb2 b5 33. Rbf2 Rg7 34. Rc2
Rh7 35. Rb2 Rg7 36. Bf4 Rg6 37. Kf2 Ba3 38. Rc2 Be7 39. Ke3 Kd7 40. Rh1 Rg8 41.
h3 Rh8 42. h4 f5 43. h5 Ke6 44. h6 Rh7 45. Rh5 Rd8 46. Rb2 Ba3 47. Rc2 Be7 48.
Rh1 Rc8 49. Rb1 Ba3 50. Bg5 Rg8 51. Kf4 Rc8 52. Rd1 Rd7 53. d5+ Rxd5 54. Rxd5
Kxd5 55. Kxf5 Re8 56. Bf6 Be7 57. h7 Bxf6 58. exf6 Rf8 59. Kg6 Ke6 60. Re2+ 1-0

[Event "Politiken Cup 2011"]
[Site "Helsingor"]
[Date "2011.08.05"]
[Round "8.69"]
[White "Krzesinski, Paul"]
[Black "Nielsen, Borge Hjerrild"]
[Result "1-0"]
[WhiteElo "1832"]
[BlackElo "2083"]
[PlyCount "83"]
[EventDate "2011.??.??"]
[WhiteTeam "Sabt Frankfurter TV 1860"]
[BlackTeam "Hvidovre"]

1. e4 c6 2. d4 d5 3. Nc3 dxe4 4. Nxe4 Nd7 5. Nf3 Ngf6 6. Ng3 e6 7. Bc4 c5 8.
O-O cxd4 9. Nxd4 Bc5 10. Nb3 Be7 11. Re1 O-O 12. Qf3 Qc7 13. Bd3 Ne5 14. Qf4
Bd6 15. Qh4 Nxd3 16. cxd3 Bxg3 17. hxg3 Nd5 18. Bf4 Nxf4 19. gxf4 Qd6 20. Re3
Bd7 21. Rae1 Bc6 22. Rh3 h6 23. Re5 Qd8 24. Rg5 Qf6 25. Rxg7+ Qxg7 26. Rg3 Kh7
27. Rxg7+ Kxg7 28. Nd4 Bd7 29. g4 f6 30. Qh5 Rg8 31. f3 Rad8 32. Qc5 Kf7 33.
Qc7 Ke8 34. Qxb7 h5 35. Qe4 hxg4 36. Qh7 Kf8 37. Kf2 g3+ 38. Kg2 Bc8 39. Qc7
Re8 40. Qxa7 Rg7 41. Qc5+ Kf7 42. Nb5 1-0

[Event "Politiken Cup 2011"]
[Site "Helsingor"]
[Date "2011.08.05"]
[Round "8.70"]
[White "Nielsen, Poul Erik"]
[Black "Overas, Vegard"]
[Result "1-0"]
[WhiteElo "2083"]
[BlackElo "1561"]
[PlyCount "117"]
[EventDate "2011.??.??"]
[WhiteTeam "Holstebro"]

1. d4 Nf6 2. Nf3 d5 3. c4 c6 4. Nc3 g6 5. Ne5 Bg7 6. e3 O-O 7. Bd3 dxc4 8. Bxc4
b5 9. Bb3 Bb7 10. O-O e6 11. Qf3 a6 12. a4 b4 13. Ne4 Nxe4 14. Qxe4 a5 15. Rd1
Qc7 16. Qf4 Qe7 17. Nc4 Rd8 18. Bd2 Ra6 19. Be1 Bf6 20. Rac1 Bg5 21. Qg3 Bh4
22. Qg4 h5 23. Qe2 Nd7 24. Nd2 Bg5 25. Ne4 Ra7 26. Bc4 Bh6 27. f4 Nb6 28. Nc5
Ba8 29. Bf2 Nd5 30. Qe1 Qd6 31. Bh4 Rc8 32. Ne4 Qb8 33. Bf6 Nxf6 34. Nxf6+ Kg7
35. Ne4 Qc7 36. Nc5 Qe7 37. Qg3 Rd8 38. Be2 Kh7 39. Bf3 Rc7 40. Nd3 Rd6 41. Rc5
Ra7 42. Ne5 Qc7 43. Be4 Bg7 44. Nc4 Rd7 45. Rxh5+ Kg8 46. Rc5 Bf8 47. Rh5 Bg7
48. Rc5 Bf8 49. Rg5 c5 50. Bxa8 Rxa8 51. Ne5 Rd5 52. Rxg6+ fxg6 53. Qxg6+ Bg7
54. Qxe6+ Kh8 55. Qxd5 Rc8 56. Rc1 Bxe5 57. Rxc5 Qxc5 58. dxc5 Bxb2 59. Qh5+
1-0

[Event "Politiken Cup 2011"]
[Site "Helsingor"]
[Date "2011.08.05"]
[Round "8.96"]
[White "Zivkovic, Milenko"]
[Black "Pedersen, Bent O"]
[Result "1-0"]
[WhiteElo "2079"]
[BlackElo "1860"]
[PlyCount "51"]
[EventDate "2011.??.??"]
[WhiteTeam "Perlen"]
[BlackTeam "Hvidovre"]

1. d4 Nf6 2. Nc3 g6 3. e4 d5 4. Bd3 dxe4 5. Nxe4 Nbd7 6. Nf3 Bg7 7. Bg5 Nxe4 8.
Bxe4 Nf6 9. Bd3 O-O 10. O-O Bg4 11. h3 Bxf3 12. Qxf3 Qd5 13. Qe3 Rad8 14. c3
Rfe8 15. Bc2 Qd7 16. Rfe1 Nd5 17. Qd2 b5 18. a4 a6 19. axb5 axb5 20. Re2 Ra8
21. Rae1 c6 22. Re4 Qd6 23. h4 h5 24. Qd3 Kh7 25. Re6 Qxe6 26. Rxe6 1-0